| 000 | 00732cam a2200265 4500500 | ||
|---|---|---|---|
| 005 | 20260329004418.0 | ||
| 041 | _afre | ||
| 042 | _adc | ||
| 100 | 1 | 0 |
_aGastineau, Nicolas _eauthor |
| 245 | 0 | 0 | _aQuelle trace voulez-vous laisser sous terre ? |
| 260 | _c2019. | ||
| 500 | _a71 | ||
| 690 | _aDeuil | ||
| 690 | _aDigital | ||
| 690 | _aEnvironnement | ||
| 690 | _aHumusation | ||
| 690 | _aIncinération | ||
| 690 | _aInhumation | ||
| 690 | _aMémoire | ||
| 690 | _aMort | ||
| 690 | _aNumérique | ||
| 690 | _aTrace | ||
| 786 | 0 | _nPhilosophie magazine | 134 | 11 | 2019-11-01 | p. 4-4 | 1951-1787 | |
| 856 | 4 | 1 | _uhttps://shs.cairn.info/magazine-philosophie-magazine-2019-11-page-4?lang=fr&redirect-ssocas=7080 |
| 999 |
_c1833592 _d1833592 |
||